000 00960cam a2200277 4500
001 9781860811401
008 090401t1997 xxu||||| |||| 00| 0 eng d
020 _a186081140X
035 _a(Sirsi) u78291
041 _aeng
050 _a690
110 _aBuilding Research Establishment
245 _aDomestic floors : construction, insulation and damp-proofing.
260 _aLondon
_bConstruction Research Communications Ltd
_c1997
300 _a8p. : ill. ; 30cm.
350 _a0
490 _aGood Building Guide
_v28 part 1
520 _aRevised 2015 GG 28-1 (L158601). Considers the construction of new and replacement domestic floors and their repair.
650 _aCONCRETE FLOORS
650 _aDAMP-PROOFING
650 _aBUILT ENVIRONMENT-BUILDING ELEMENTS-PARTS OF BUILDING ELEMENTS-INTERNAL FINISHES-FLOOR FINISHES
650 _aINSULATION
690 _aBUILT ENVIRONMENT-BUILDING MATERIALS
942 _n0
948 _c12/05/1997
999 _c96423
_d96423